Project management : strategic design and implementation / David I. Cleland. (Record no. 1612)

000 -LEADER
fixed length control field 00478nam a22001577a 4500
020 ## - INTERNATIONAL STANDARD BOOK NUMBER
ISBN 0071138927
082 ## - DEWEY DECIMAL CLASSIFICATION NUMBER
Classification number 658.404
Item number C589 1994
100 ## - MAIN ENTRY--AUTHOR NAME
Personal name Cleland, David I., author.
245 ## - TITLE STATEMENT
Title Project management : strategic design and implementation / David I. Cleland.
250 ## - EDITION STATEMENT
Edition statement Second edition.
260 ## - PUBLICATION, DISTRIBUTION, ETC. (IMPRINT)
Place of publication New York :
Name of publisher McGraw-Hill,
Year of publication c1994.
300 ## - PHYSICAL DESCRIPTION
Number of Pages xx, 478 pages ;
Other physical details 24 cm.
500 ## - GENERAL NOTE
General note Includes index.
650 ## - SUBJECT ADDED ENTRY--TOPICAL TERM
Topical Term Industrial project management.
942 ## - ADDED ENTRY ELEMENTS (KOHA)
Koha item type Books
Holdings
Source of acquisition Permanent Location Date acquired Koha item type Collection code Accession Number Lost status Shelving location Withdrawn status Current Location Full call number
SchoolCagayan State University - Carig Library2014-11-28BooksApplied Sciences003806 General Collection Cagayan State University - Carig Library658.404 C589 1994

Cagayan State University University Library, Carig Campus
Tuguegarao City, Cagayan 3500 | www.csucarig.edu.ph

Powered by Koha